000 00443nam a2200145 a 4500
001 000046291
005 20240305090729.0
008 150715s1988 dr 000 0 spa d
040 _aDO-SdBNP
_bspa
_cBNPHU
082 _axxxx
_bF825h
100 1 _aFranco, Franklin J.,
_d1936-
_934417
245 1 0 _aHaiti :
_bde desalines a nuestros dias /
_cFranklin J. Franco.
260 _aSanto Domingo :
_bEditora Nacional,
_c1988.
300 _a140 p. ;
_c21 cm.
999 _c45780
_d45780